Handball Femmes: Podiums Palmarès International - Statistiques

Statistiques générales
  • Ce quiz a été pris 543 fois
    406 depuis la dernière actualisation
  • Le résultat moyen est 17 sur 25
Statistiques - réponses
Réponse % Correct
France
100%
Norvège
97%
Suède
93%
RFA
91%
Allemagne
90%
Espagne
90%
Equipe Unifiée
89%
Danemark
88%
Russie
86%
Hongrie
71%
RF Yougoslavie
70%
Croatie
69%
Brésil
68%
Pays-Bas
68%
Roumanie
64%
Serbie
59%
URSS
59%
Autriche
53%
Chine
52%
Yougoslavie
52%
Corée du Sud
45%
RDA
44%
Monténégro
42%
Ukraine
42%
Tchécoslovaquie
38%
Aucun quiz correspondant
Distribution des résultats
% des personnes avec chaque résultat
Percentile par nombre de réponses
Votre historique - résultats
Vous n’avez pas pris ce quiz depuis la dernière actualisation